Legal room sizes (Record no. 35482)

MARC details
000 -LEADER
fixed length control field 00822cab a2200241 4500
001 - CONTROL NUMBER
control field WB3036-26
008 - FIXED-LENGTH DATA ELEMENTS--GENERAL INFORMATION
fixed length control field 090401t1994 xxu||||| |||| 00| 0 eng d
035 ## - SYSTEM CONTROL NUMBER
System control number (Sirsi) u58160
041 ## - LANGUAGE CODE
Language code of text/sound track or separate title eng
245 ## - TITLE STATEMENT
Title Legal room sizes
260 ## - PUBLICATION, DISTRIBUTION, ETC.
Date of publication, distribution, etc. 1994
350 ## - PRICE (NR) (BK AM CF MU VM SE) [OBSOLETE]
Price 0
490 ## - SERIES STATEMENT
Series statement Building
Volume/sequential designation 39(7682) 30 September 1994, 11(1)
520 ## - SUMMARY, ETC.
Summary, etc. The National Federation of Housing Associations is requesting that the Housing Corporation fund a nationwide study of space standards with a view to making minimum floorspace and room sizes a condition of obtaining grants.
650 ## - SUBJECT ADDED ENTRY--TOPICAL TERM
Topical term or geographic name entry element HOUSING CORPORATION
650 ## - SUBJECT ADDED ENTRY--TOPICAL TERM
Topical term or geographic name entry element NATIONAL FEDERATION OF HOUSING ASSOCIATIONS
650 ## - SUBJECT ADDED ENTRY--TOPICAL TERM
Topical term or geographic name entry element PARKER MORRIS SPACE STANDARDS
650 ## - SUBJECT ADDED ENTRY--TOPICAL TERM
Topical term or geographic name entry element ROOM SIZES
650 ## - SUBJECT ADDED ENTRY--TOPICAL TERM
Topical term or geographic name entry element SPACE STANDARDS
690 ## - LOCAL SUBJECT ADDED ENTRY--TOPICAL TERM (OCLC, RLIN)
Topical term or geographic name as entry element HOUSING
942 ## - ADDED ENTRY ELEMENTS (KOHA)
Suppress in OPAC 0
948 ## - LOCAL PROCESSING INFORMATION (OCLC); SERIES PART DESIGNATOR (RLIN)
c (OCLC) 04/03/1997
Holdings
Withdrawn status Lost status Source of classification or shelving scheme Damaged status Not for loan Home library Current library Shelving location Date acquired Total Checkouts Full call number Barcode Date last seen Copy number Price effective from Koha item type
    Dewey Decimal Classification     London London News article 14/09/1999   WB3036-26 58160-1001 06/08/2019 1 06/08/2019 News article